Tilastot visalle Lordin jäsenet

Klikkaa tästä pelataksesi tätä visaa!

Yleistilastot

  • Tätä visaa on pelattu 20 kertaa
  • Keskiarvotulos 9 / 14

Vastaustilastot

Vastaus% Oikein
Mr Lordi
100%
Awa
85%
Amen
77%
OX
77%
Kita
69%
Hella
62%
Hiisi
62%
Otus
62%
Kone
54%
Mana
54%
Kalma
46%
Enary
38%
G-Stealer
38%
Magnum
38%

Tulosjakauma

Persentiili vastausten määrän mukaan

Jokaisen tuloksen saaneiden osuus

Tuloshistoriasi

Et ole pelannut tätä visaa